Länder mit dem Meisten Wasser - Statistiken

Allgemein
  • Dieses Quiz wurde 214 mal gespielt
  • Das Durchschnittsergebnis liegt bei 9 aus 15
Antwortstatistiken
Kilolitern Land % Korrekt
2.8T Vereinigte Staaten
98%
4.3T Russland
94%
2.9T Kanada
93%
2.8T China
92%
5.7T Brasilien
89%
1.4T Indien
80%
2T Indonesien
52%
1.6T Peru
52%
2.1T Kolumbien
49%
885B Chile
48%
900B Demokratische Republik Kongo
47%
805B Venezuela
42%
580B Malaysia
22%
1T Myanmar
17%
801B Papua Neu-Guinea
11%
Keine übereinstimmenden Quizze gefunden
Verteilung der Resultate
Anzahl Personen mit jedem Resultat
Perzentil nach korrekt beantworteten Fragen
Ihre Resultats-Entwicklung
Sie haben dieses Quiz noch nicht gespielt